000 00594nam a2200193 i 4500
001 34304
003 ES-MaACL
005 20250712032635.0
007 t|
008 030204s1960 sp ||||1| spa d
100 1 _aBlasco Ibáñez, Vicente,
_d1867-1928
_929388
245 1 3 _aLa reina Calafia
_b: novela /
_cVicente Blasco Ibáñez.
260 _aBarcelona :
_bPlaneta,
_c[1960] (
_fDiamante)
300 _a303 p. ;
_c19 cm.
490 1 _aAutores españoles contemporáneos
830 1 _aAutores españoles contemporáneos
_9180811
852 _aES-MaACL
_jC-17762
999 _c34304
_d34304